| 000 | 00719nam a22002297a 4500 | ||
|---|---|---|---|
| 003 | KOHA_MİRAKIL | ||
| 005 | 20260511054148.0 | ||
| 008 | 260507b tu ||||| |||| 00| 0 tur d | ||
| 020 | _a9789944892520 | ||
| 040 |
_aTR-AnABB _btur _cTR-AnABB |
||
| 041 | _atur | ||
| 082 |
_a814.42 _bBEK 2007 |
||
| 100 | 1 | _aBektaş, Cengiz | |
| 245 | 1 | 0 |
_aKentini yaşamak / _cCengiz Bektaş |
| 250 | _a1. baskı | ||
| 260 |
_aİstanbul : _bTMMOB Mimarlar Odası İstanbul Büyükkent Şubesi, _c2007 |
||
| 300 |
_a167 sayfa ; _c20 cm |
||
| 500 | _aYazar tarafından Prof. Dr. Ruşen Keleş için imzalanmıştır. | ||
| 650 | 0 | 4 | _aTürk edebiyatı, deneme |
| 900 | _bCan ÇELIK | ||
| 942 |
_2ddc _cBK |
||
| 999 |
_c10362 _d10362 |
||